000 00829nam a2200241Ia 4500
003 OSt
005 20221005112950.0
006 a|||||r|||| 00| 0
007 ta
008 221004b |||||||| |||| 00| 0 pan d
020 _a817599021X (hbk)
_c175
024 _a11649
037 _b818, 13/03/2014, H.K. Prakashan
_cTextual
040 _aCRL
_cCRL
_bpan
041 _2pan
_apan
082 _aO153,3NLAw,1
245 0 _aਜੀਵਨ ਕਹਾਣੀ
_b ਸੈਸ਼ ਜੀਵਨੀ ਗਿਆਨੀ ਲਾਲ ਸਿੰਘ
260 _aਦਿੱਲੀ
_bਨਵਯੂਗ ਭਾਰਤ
_c1998
300 _a172ਪੰ
_ccm.
650 _aਸ਼ਓਟੲਂਨਜ਼ :ਜ਼ੳਥਞਂੳਓਞਥ
_9157939
942 _hO153,3NLAw,1
_cTEXL
_2cc
999 _c1026594
_d1026594